Juan Valera; Serafin Estebanez Calderon, 1850-1858 : cronica historica y vital de Lisboa, Brasil /

Gorde:
Xehetasun bibliografikoak
Egile nagusia: Saenz De Tejada Benvenuti, Carlos
Formatua: Liburua
Hizkuntza:Spanish
Argitaratua: Madrid : Ed. Moneda y Credito, 1971.
Gaiak:
LEADER 00907nam a22002051 4500
001 c000347636
003 CARM
005 00000000000000.0
008 851003s1971 sp 1 spa d
019 1 |a 3974999  |5 LACONCORD2021 
035 |a (OCoLC)727212  |5 LACONCORD2021 
100 1 |a Saenz De Tejada Benvenuti, Carlos. 
245 1 0 |a Juan Valera; Serafin Estebanez Calderon, 1850-1858 :  |b cronica historica y vital de Lisboa, Brasil /  |c Paris y Dresde, como coyunturas humanas a traves de un diplomatico intelectual. 
260 |a Madrid :  |b Ed. Moneda y Credito,  |c 1971. 
600 0 0 |a Valera Y Alcala Galiano,  |c Juan. 
600 2 0 |a Estebanez Calderon, Serafin. 
852 8 |b CARM  |h A1:AL36E0  |i C10568  |p 0461349  |f BK 
082 0 4 |a 863.5 
999 f f |i 973fdb6c-28d4-507d-ab07-2961d9e79cf8  |s 53384a51-9bdc-51e2-b2c1-8589772dddf6 
952 f f |p Can circulate  |a CAVAL  |b CAVAL  |c CAVAL  |d CARM 1 Store  |e C10568  |f A1:AL36E0  |h Other scheme  |i book  |m 0461349